LDR 00925naa#a2200169#i#450# 001 RU\INFRA-M\bibl\119391 005 20260515184128.5 011 ## _a2500-3313 100 ## _a20260331b2026####ek#y0rusy0150####ca 102 ## _aRU 200 1# _aРазработка программного сервиса детекции движения глаз на основе методов компьютерного зрения _eЖурнальная статья 210 1# _aМосква _cОбщество с ограниченной ответственностью «Научно-издательский центр ИНФРА-М» _d2026 215 ## _a5 с. 608 ## _aЖурнальная статья _2local 675 ## _aРаспознавание и преобразование образов. 004.93 _aИнженерное дело. Техника в целом. Транспорт. 62 _z 700 #1 _aБуценко _gЕ. В. 856 4# _azh-szf.ru _u